[Event "GER-chT U10"]
[Site "Magdeburg"]
[Date "2015.12.28"]
[Round "3.4"]
[White "Langer, Paul Georg"]
[Black "Adelmeyer, Nelly"]
[Result "1/2-1/2"]
[WhiteElo "1118"]
[BlackElo "1016"]
[PlyCount "132"]
[EventDate "2015.12.27"]
[EventType "team-swiss"]
[EventRounds "7"]
[EventCountry "GER"]
[SourceTitle "EXT 2017"]
[Source "ChessBase"]
[SourceDate "2016.10.25"]
[SourceVersion "1"]
[SourceVersionDate "2016.10.25"]
[SourceQuality "1"]
[WhiteTeam "Stadtilm Blau Weiss"]
[BlackTeam "Halle Roter Turm"]
[WhiteTeamCountry "GER"]
[BlackTeamCountry "GER"]

1. e4 e5 2. Nf3 Nc6 3. Bc4 Be7 4. Nc3 Nf6 5. d3 0-0 6. Be3 d6 7. Qd2 Bd7 8. 0-0-0 Ng4 9. h3 Nxe3 10. Qxe3 h6 11. Kb1 Bg5 12. Nxg5 Qxg5 13. Qxg5 hxg5 14. Nd5 Rac8 15. f3 Be6 16. h4 gxh4 17. Rxh4 Bxd5 18. Bxd5 Nb4 19. Rdh1 g6 20. f4 Nxd5 21. exd5 Kg7 22. fxe5 dxe5 23. d4 exd4 24. Rxd4 Rh8 25. Rdh4 Rhe8 26. c3 Re7 27. Rh7+ Kf6 28. R7h3 Rce8 29. Rf3+ Kg7 30. g3 Re1+ 31. Rxe1 Rxe1+ 32. Kc2 Re2+ 33. Kb3 Rd2 34. c4 a6 35. Kc3 Rd1 36. Kc2 Rd4 37. b3 b5 38. Kc3 Rd1 39. Kb4 Rd2 40. a3 Rd4 41. Kc5 Rd2 42. cxb5 axb5 43. Kxb5 Rxd5+ 44. Kc6 Ra5 45. b4 Ra7 46. Kb5 f5 47. Rf4 Rxa3 48. g4 fxg4 49. Rxg4 Kf6 50. Rf4+ Kg5 51. Rf7 Kh4 52. Rxc7 g5 53. Rh7+ Kg3 54. Kc6 g4 55. b5 Kf2 56. b6 g3 57. b7 Rb3 58. Rf7+ Kg1 59. Rf8 Rc3+ 60. Kd5 Rb3 61. b8Q Rxb8 62. Rxb8 Kf2 63. Rf8+ Kg1 64. Ke4 g2 65. Rg8 Kf2 66. Rxg2+ Kxg2 1/2-1/2

[Event "GER-chT U10"]
[Site "Magdeburg"]
[Date "2014.12.29"]
[Round "6.3"]
[White "Mayland, Jannis"]
[Black "Adelmeyer, Nelly"]
[Result "1-0"]
[WhiteElo "817"]
[BlackElo "753"]
[PlyCount "77"]
[EventDate "2014.12.27"]
[EventType "team-swiss"]
[EventRounds "7"]
[EventCountry "GER"]
[SourceTitle "EXT 2016"]
[Source "ChessBase"]
[SourceDate "2015.10.08"]
[SourceVersion "1"]
[SourceVersionDate "2015.10.08"]
[SourceQuality "1"]
[WhiteTeam "Hagen II"]
[BlackTeam "Halle Roter Turm II"]
[WhiteTeamCountry "GER"]
[BlackTeamCountry "GER"]

1. d4 d5 2. Bf4 Nf6 3. Nc3 Bd7 4. Nf3 e6 5. e3 Bb4 6. Qd2 Ne4 7. Qd3 0-0 8. a3 Ba5 9. Be2 Qe8 10. 0-0 Nxc3 11. bxc3 Na6 12. e4 dxe4 13. Qxe4 Bxc3 14. Rab1 f5 15. Qxb7 Nb8 16. Qxa8 Bc6 17. Qxa7 Nd7 18. Qxc7 Ba4 19. Qxc3 Qd8 20. Bc4 Re8 21. Bg5 Qc8 22. Qd3 Nf6 23. Bxf6 gxf6 24. Rfe1 Bc6 25. Bb5 Bxb5 26. Qxb5 Re7 27. d5 e5 28. Red1 e4 29. d6 Re8 30. d7 Rd8 31. dxc8Q Rxc8 32. Qb8 Rxb8 33. Rxb8+ Kg7 34. Rb7+ Kg6 35. Nh4+ Kg5 36. g3 h5 37. f4+ Kg4 38. Kg2 e3 39. Rg7# 1-0

[Event "GER-chT U10"]
[Site "Magdeburg"]
[Date "2014.12.28"]
[Round "3.3"]
[White "Adelmeyer, Nelly"]
[Black "Budde, Malte"]
[Result "1-0"]
[WhiteElo "753"]
[BlackElo "785"]
[PlyCount "63"]
[EventDate "2014.12.27"]
[EventType "team-swiss"]
[EventRounds "7"]
[EventCountry "GER"]
[SourceTitle "EXT 2016"]
[Source "ChessBase"]
[SourceDate "2015.10.08"]
[SourceVersion "1"]
[SourceVersionDate "2015.10.08"]
[SourceQuality "1"]
[WhiteTeam "Halle Roter Turm II"]
[BlackTeam "Buende"]
[WhiteTeamCountry "GER"]
[BlackTeamCountry "GER"]

1. e4 e5 2. Nf3 Nc6 3. Bb5 Nf6 4. Nc3 Bc5 5. h3 d6 6. 0-0 Be6 7. d3 h6 8. Bd2 0-0 9. Re1 a6 10. Ba4 Nb4 11. a3 Nc6 12. Be3 Bxe3 13. Rxe3 b5 14. Bb3 Bxb3 15. cxb3 Qe7 16. d4 Qe6 17. d5 Qd7 18. dxc6 Qxc6 19. Nh4 Qc5 20. Nf5 b4 21. Nd5 g6 22. Rg3 Nxe4 23. Nfe7+ Kh7 24. Re3 Ng5 25. h4 Ne6 26. h5 a5 27. Rg3 g5 28. Qd3+ Kh8 29. Nf6 Kg7 30. Ned5 Rfd8 31. Qh7+ Kf8 32. Qg8# 1-0